[Event "SWE-chT2 0708"]
[Site "Sweden"]
[Date "2007.10.20"]
[Round "1"]
[White "Fallman, Mikael"]
[Black "Nilsson, Victor"]
[Result "1/2-1/2"]
[WhiteElo "2090"]
[BlackElo "2170"]
[PlyCount "82"]
[EventDate "2007.10.20"]
[EventType "team"]
[EventRounds "9"]
[EventCountry "SWE"]
[SourceTitle "EXT 2009"]
[Source "ChessBase"]
[SourceDate "2008.11.26"]
[SourceVersion "1"]
[SourceVersionDate "2008.11.26"]
[SourceQuality "1"]
[WhiteTeam "Upsala II"]
[BlackTeam "Vastervik"]
[WhiteTeamCountry "SWE"]
[BlackTeamCountry "SWE"]

1. d4 Nf6 2. Nf3 g6 3. c4 Bg7 4. Nc3 d5 5. Qb3 dxc4 6. Qxc4 0-0 7. e4 Bg4 8. Be2 Nc6 9. Be3 Nd7 10. Rd1 Nb6 11. Qc5 Qd6 12. 0-0 Rad8 13. d5 Nb8 14. Nb5 Qd7 15. Nxa7 Bxf3 16. gxf3 Be5 17. f4 Bd6 18. Qc2 e5 19. fxe5 Bxe5 20. f4 Bg7 21. d6 c5 22. Qxc5 Na4 23. Qb5 Bxb2 24. Qxd7 Nxd7 25. Rb1 Ba3 26. Nb5 Bc5 27. Bxc5 Naxc5 28. e5 g5 29. Bg4 gxf4 30. Bxd7 Nxd7 31. Rxf4 Nxe5 32. Rb3 f6 33. Nc7 Rxd6 34. Rxb7 Kh8 35. Nb5 Rd2 36. Rf2 Rg8+ 37. Kf1 Rd1+ 38. Ke2 Ra1 39. Nc3 Rh1 40. Rxf6 Rxh2+ 41. Rf2 Rh3 1/2-1/2